000 00256nam a22001217a 4500
082 _a823
_bRAJ/S
100 _aRAJ, DOMINIC
245 _aSUPPLEMENTARY READER
260 _aDELHI
_bNCERT
_c1981
300 _a49
650 _aENGLISH STORY
_zINDIA
942 _cBK
999 _c7388
_d7388